Els mestres de Catalunya a Angeleta Ferrer i Sensat en reconeixement i homenatge : Parc de la Ciutadella, dimecres, 7 de juliol de 1982, a les 8 del vespre Parc de la Ciutadella, dimecres, 7 de juliol de 1982, a les 8 del vespre
Descripción Física:
30 p. ; 27 cm + 1 contenidor
MARC
| LEADER | 00000nam a2200000Ia 4500 | ||
|---|---|---|---|
| 001 | 15878 | ||
| 008 | 160829s1982 xx 000 0 cat d | ||
| 080 | |a FU-40-6 | ||
| 245 | |a Els mestres de Catalunya a Angeleta Ferrer i Sensat en reconeixement i homenatge : |b Parc de la Ciutadella, dimecres, 7 de juliol de 1982, a les 8 del vespre | ||
| 260 | |a [Barcelona : |b s.n.], |c 1982 | ||
| 300 | |a 30 p. ; |c 27 cm + 1 contenidor | ||
| 590 | |a Prové de G-545, exp. 72 | ||
| 650 | |a Ferrer i Sensat, Angeleta |9 46924 | ||
| 650 | |a Educació |x Catalunya |9 37321 | ||
| 901 | |a Arxiu | ||
| 942 | |n 1 | ||
| 952 | |0 0 |1 0 |4 0 |6 FU406 |7 1 |9 53532 |a Arxiu |b Arxiu |d 2016-12-01 |l 0 |o FU-40-6 |p 15878 |r 2016-12-01 00:00:00 |w 2016-12-01 |y ARXIU | ||
| 999 | |c 57398 |d 57398 | ||